00729nam a2200205 4500999001900000005001700019010001500036020002400051035001400075037001300089082001200102100002500114245005100139246004000190260003500230270006200265300003200327942002600359952013800385 c196694d19669420230720153310.0 aENG-137502 a0199463603c1195.00 aEN-121034 bDBAD/PUB a880.092 aRodriguez, Guillermo aWhen Mirrors Are windows/bGuillermo Rodriguez aA view of A. K. Ramanujan's Poetics aDelhibOxford University Press aYMCA Library Building, Jai Singh Road,bNew Delhie110001 axxii;544p.bIndexc23cm(hb) 2ddccENh880.092mdUP 001040708NFICaZLSbZLSd2023-07-20eDBAD/PUBg1195.00l0o880.092 WHEpEN-121034r2023-07-20 00:00:00t1v1195.00w2023-07-20yEN